Gestión académica de alumnos con necesidades educativas especiales: educación infantil, primaria, ESO, bachillerato y FP
Spremljeno u:
| Glavni autor: | |
|---|---|
| Format: | Knjiga |
| Jezik: | španjolski |
| Izdano: |
Barcelona
Cisspraxis
2002
|
| Izdanje: | 1a. ed |
| Serija: | Educación al Día - Educación Especial
|
| Teme: | |
| Oznake: |
Dodaj oznaku
Bez oznaka, Budi prvi tko označuje ovaj zapis!
|
MARC
| LEADER | 00000nam a2200000 a 4500 | ||
|---|---|---|---|
| 001 | UCK2911 | ||
| 003 | CL-VaPUC | ||
| 008 | 050324e20020000SP |||||||||||||||||spa|d | ||
| 020 | |a 8433108298 | ||
| 082 | 0 | 4 | |a 371.9068 |b GOM |2 21 |
| 100 | 0 | |a Gómez Castro, José Luis |e author |9 490916 | |
| 245 | 1 | 0 | |a Gestión académica de alumnos con necesidades educativas especiales: educación infantil, primaria, ESO, bachillerato y FP |
| 250 | |a 1a. ed | ||
| 300 | |a 183 p | ||
| 942 | |c BK | ||
| 945 | |d 20050324 00:00:00 |a cmena | ||
| 260 | |a Barcelona |b Cisspraxis |c 2002 | ||
| 650 | 0 | |a Educación especial |9 307486 | |
| 650 | 0 | |a Administración de la enseñanza |9 261034 | |
| 650 | 0 | |a Planificación de la educación |9 307333 | |
| 650 | 0 | |a Gestión de la información |9 362327 | |
| 650 | 0 | |a Métodos de enseñanza |9 270413 | |
| 583 | |a last modification |c 20050324 00:00:00 |k Rodrigo Vera | ||
| 490 | 0 | |a Educación al Día - Educación Especial | |
| 999 | |c 312302 |d 312300 | ||
| 952 | |0 0 |1 0 |4 0 |6 371_906800000000000_GOM_2002 |7 0 |8 A |9 382369 |a BIBEDU |b BIBEDU |c ES_NOD |d 2019-11-21 |i 4103548 |o 371.9068 GOM 2002 |p 4103548 |r 2023-08-09 |w 2019-11-21 |y BK |k EDI | ||